000 00928nam a2200217 i 4500
001 156897
003 ES-MaACL
005 20240424063057.0
008 040805s1866 sp |||| | spa d
040 _aCAM
_bspa
_cCAM
100 1 _aLaguna, Máximo,
_d1826-1902
_969621
245 1 0 _aExcursión forestal por los Imperios de Austria y Rusia
_b: verificada de R.O. en el verano de 1864 /
_cpor Máximo Laguna y Villanueva.
260 _aMadrid :
_b[s.n.],
_c1866 (
_fImprenta del Colegio de Sordo-Mudos y de Ciegos)
300 _a123, [2] p. ;
_c25 cm.
530 _aDisponible en formato digital.
650 4 _aBosques-
_zAustria.
_9164077
650 4 _aBosques-
_zRusia.
_9164078
852 _aES-MaACL
_jT-243-F-8
_z-- Enc. hol., falto de la cub. original
_z-- Enc. en un vol. facticio
856 _uhttp://bdh-rd.bne.es/viewer.vm?id=0000056498&page=1
_zBiblioteca Digital Hispánica
999 _c156897
_d156897